[Event "Florianopolis op 10th"]
[Site "Florianopolis"]
[Date "2024.01.25"]
[Round "7"]
[White "Monteiro, Samuel Ramazzotte"]
[Black "Cunha e Silva, Carlos Alberto V"]
[Result "1-0"]
[WhiteElo "1540"]
[BlackElo "1984"]
[PlyCount "107"]
[EventDate "2024.01.20"]
[EventType "swiss"]
[EventRounds "10"]
[EventCountry "BRA"]
[SourceTitle "CB05_2024"]
[SourceDate "2024.01.31"]
[SourceVersion "1"]
[SourceVersionDate "2024.01.31"]
[SourceQuality "1"]

1. Nf3 d5 2. g3 g6 3. Bg2 Bg7 4. 0-0 Nf6 5. d3 0-0 6. Nbd2 Nbd7 7. e4 dxe4 8. Nxe4 Nxe4 9. dxe4 Nc5 10. Qe2 e5 11. Rd1 Qe7 12. b4 Ne6 13. a4 Rd8 14. Rxd8+ Qxd8 15. Bb2 f6 16. Rd1 Qe7 17. Qc4 Kh8 18. Bc3 Nf8 19. Qd5 Qd7 20. b5 Qxd5 21. exd5 Bf5 22. Ne1 Rd8 23. h3 h5 24. Nd3 Nd7 25. a5 Bxd3 26. Rxd3 Nc5 27. Rd1 Na4 28. Bb4 Nb2 29. Rb1 Nc4 30. Bf1 Nd6 31. c4 Nf5 32. Rd1 Bf8 33. Bxf8 Rxf8 34. Bd3 Ne7 35. Bc2 Rd8 36. Kg2 Kg7 37. Bb3 Nf5 38. c5 Nd4 39. Bc4 Kf8 40. f4 Nf5 41. Kf3 e4+ 42. Kf2 Ng7 43. g4 hxg4 44. hxg4 Ke7 45. Rh1 f5 46. Rh7 Kf8 47. Rh6 fxg4 48. Rxg6 e3+ 49. Kxe3 Re8+ 50. Kd3 g3 51. Rxg3 Nf5 52. Rh3 Kg7 53. Rh5 Re3+ 54. Kd2 1-0

[Event "Caioba op 7th"]
[Site "Caioba"]
[Date "2023.06.22"]
[Round "6"]
[White "Monteiro, Samuel Ramazzotte"]
[Black "Da Silva, Jean Henrique da Ro"]
[Result "0-1"]
[WhiteElo "1444"]
[BlackElo "1793"]
[PlyCount "54"]
[EventDate "2023.06.18"]
[EventType "swiss"]
[EventRounds "9"]
[EventCountry "BRA"]
[SourceTitle "CBM 214 Extra"]
[Source "ChessBase"]
[SourceDate "2023.07.31"]
[SourceVersion "1"]
[SourceVersionDate "2023.07.31"]
[SourceQuality "1"]

1. Nf3 Nf6 2. g3 g6 3. Bg2 Bg7 4. d3 0-0 5. 0-0 d6 6. e4 e5 7. Nc3 Nc6 8. Re1 h6 9. h3 a5 10. Nh4 Nd7 11. Be3 Nc5 12. Ne2 Re8 13. c3 Kh7 14. Qc2 Ne6 15. Rad1 Nf4 16. Kh2 Nxg2 17. Nxg2 Qd7 18. Ng1 Qe6 19. f4 Qxa2 20. g4 f5 21. gxf5 gxf5 22. Nh4 Qf7 23. Rf1 Be6 24. d4 Bb3 25. Qg2 Bxd1 26. Rxd1 Rg8 27. fxe5 Bxe5+ 0-1

[Event "Caioba op 7th"]
[Site "Caioba"]
[Date "2023.06.19"]
[Round "3"]
[White "Lunelli, Neuri Antonio"]
[Black "Monteiro, Samuel Ramazzotte"]
[Result "1/2-1/2"]
[WhiteElo "1759"]
[BlackElo "1444"]
[PlyCount "65"]
[EventDate "2023.06.18"]
[EventType "swiss"]
[EventRounds "9"]
[EventCountry "BRA"]
[SourceTitle "CBM 214 Extra"]
[Source "ChessBase"]
[SourceDate "2023.07.31"]
[SourceVersion "1"]
[SourceVersionDate "2023.07.31"]
[SourceQuality "1"]

1. c4 e5 2. g3 g6 3. Bg2 Bg7 4. Nc3 f5 5. d3 d6 6. Qb3 Nc6 7. e3 Nf6 8. Nge2 0-0 9. 0-0 Kh8 10. Rd1 Bd7 11. Qxb7 Rb8 12. Qa6 Rb6 13. Qa3 g5 14. f4 g4 15. Rb1 Nb4 16. d4 e4 17. b3 c5 18. Qb2 a5 19. Qd2 h5 20. dxc5 dxc5 21. Na4 Rc6 22. Nec3 Nd3 23. Ba3 h4 24. Nb5 Nh5 25. Nb2 hxg3 26. hxg3 Rh6 27. Nxd3 exd3 28. Qxd3 Nxg3 29. Qxd7 Qh4 30. Rb2 Qh2+ 31. Kf2 Ne4+ 32. Kf1 Ng3+ 33. Kf2 1/2-1/2

[Event "Florianopolis op 9th"]
[Site "Florianopolis"]
[Date "2023.01.29"]
[Round "10"]
[White "Monteiro, Samuel Ramazzotte"]
[Black "Ferreira, Rodrigo Maycon Mira"]
[Result "1/2-1/2"]
[WhiteElo "1385"]
[BlackElo "1781"]
[PlyCount "108"]
[EventDate "2023.01.23"]
[EventType "swiss"]
[EventRounds "10"]
[EventCountry "BRA"]
[SourceTitle "CBM 212 Extra"]
[Source "ChessBase"]
[SourceDate "2023.03.31"]
[SourceVersion "1"]
[SourceVersionDate "2023.03.31"]
[SourceQuality "1"]

1. Nf3 d5 2. g3 c6 3. Bg2 Bg4 4. 0-0 Nd7 5. d3 e6 6. Re1 Bd6 7. Nbd2 Ne7 8. e4 0-0 9. Nb3 a5 10. a4 h6 11. Be3 Ne5 12. d4 Nc4 13. e5 Bc7 14. Ra2 f6 15. exf6 Rxf6 16. h3 Bxf3 17. Bxf3 Qf8 18. Nc5 Qf7 19. Bg4 Nf5 20. Bxf5 Rxf5 21. Nd3 Rf8 22. Bf4 Bxf4 23. Nxf4 e5 24. dxe5 Nxe5 25. Ra3 g5 26. Rae3 gxf4 27. Rxe5 fxg3 28. Qg4+ Kh8 29. Qxf5 gxf2+ 30. Kxf2 Qxf5+ 31. Rxf5 Rxf5+ 32. Kg3 Rf7 33. Re8+ Kg7 34. Ra8 Kf6 35. Rxa5 Ke5 36. Rc5 Kd4 37. Rc3 c5 38. Rd3+ Ke4 39. Rd2 c4 40. Re2+ Kd4 41. Rd2+ Kc5 42. c3 Re7 43. Kg4 Re3 44. h4 Re5 45. Kf4 Re4+ 46. Kg3 d4 47. cxd4+ Rxd4 48. Rxd4 Kxd4 49. Kf4 b6 50. h5 Kd3 51. Ke5 Kc2 52. Kd4 Kb3 53. Kd5 Kb4 54. Kd4 Kb3 1/2-1/2

[Event "Florianopolis op 9th"]
[Site "Florianopolis"]
[Date "2023.01.25"]
[Round "4"]
[White "Monteiro, Samuel Ramazzotte"]
[Black "Bisesar, Maycon da Costa"]
[Result "1/2-1/2"]
[WhiteElo "1385"]
[BlackElo "1760"]
[PlyCount "54"]
[EventDate "2023.01.23"]
[EventType "swiss"]
[EventRounds "10"]
[EventCountry "BRA"]
[SourceTitle "CBM 212 Extra"]
[Source "ChessBase"]
[SourceDate "2023.03.31"]
[SourceVersion "1"]
[SourceVersionDate "2023.03.31"]
[SourceQuality "1"]

1. Nf3 Nf6 2. g3 g6 3. Bg2 Bg7 4. d4 0-0 5. 0-0 d6 6. Bg5 c6 7. c3 Nbd7 8. Nbd2 h6 9. Bxf6 Nxf6 10. Re1 Bg4 11. Qc2 Re8 12. e4 e5 13. Rad1 Qc8 14. dxe5 dxe5 15. Nc4 Qc7 16. Qb3 b5 17. Ncd2 Rad8 18. c4 Qb8 19. h3 Be6 20. Rc1 bxc4 21. Qxb8 Rxb8 22. Nxe5 Rxb2 23. Ndxc4 Rxa2 24. Nxc6 Bxc4 25. Rxc4 a5 26. e5 Nd7 27. Rf4 Nf8 1/2-1/2

[Event "Pan American-ch Hybrid U12 31st"]
[Site "Tornelo INT"]
[Date "2021.09.04"]
[Round "6"]
[White "Monteiro, Samuel Ramazzotte"]
[Black "Miranda Fernandez, Marcos Manuel"]
[Result "0-1"]
[WhiteElo "1362"]
[BlackElo "1112"]
[PlyCount "60"]
[EventDate "2021.09.04"]
[EventType "swiss"]
[EventRounds "9"]
[EventCountry "NET"]
[SourceTitle "EXT 2023"]
[Source "ChessBase"]
[SourceDate "2022.10.05"]
[SourceVersion "1"]
[SourceVersionDate "2022.10.05"]
[SourceQuality "1"]

1. e4 e5 2. Nf3 d6 3. d4 Nd7 4. Nc3 Be7 5. Bc4 Ngf6 6. 0-0 0-0 7. Bg5 Re8 8. dxe5 dxe5 9. Qe2 c6 10. Rad1 Qc7 11. Nh4 b5 12. Bb3 Nc5 13. Qe3 Ng4 14. Qc1 Bxg5 15. Qxg5 h6 16. Qd2 Be6 17. Bxe6 Nxe6 18. h3 Nf6 19. Qe3 Nd4 20. Rd2 Rad8 21. f4 b4 22. Nd1 exf4 23. Rxf4 Nd5 24. Qxd4 Nxf4 25. Qxb4 Rxd2 26. Qxd2 Rxe4 27. Nf5 Re2 28. Qd4 Rxg2+ 29. Kh1 Rg5 30. Nde3 Nxh3 0-1

[Event "Florianopolis op 7th"]
[Site "Florianopolis"]
[Date "2021.01.24"]
[Round "10"]
[White "Monteiro, Samuel Ramazzotte"]
[Black "Do Amaral e Silva, Larissa Blue"]
[Result "1-0"]
[WhiteElo "1260"]
[BlackElo "1544"]
[PlyCount "95"]
[EventDate "2021.01.18"]
[EventType "swiss"]
[EventRounds "10"]
[EventCountry "BRA"]
[SourceTitle "CBM 200 Extra"]
[Source "ChessBase"]
[SourceDate "2021.03.31"]
[SourceVersion "1"]
[SourceVersionDate "2021.03.31"]
[SourceQuality "1"]

1. e4 e5 2. Nf3 Nc6 3. d4 exd4 4. Bc4 h6 5. Nxd4 Bc5 6. Bxf7+ Kxf7 7. Qh5+ g6 8. Qxc5 Qe7 9. Qd5+ Ke8 10. f3 Nf6 11. Qc4 Qf7 12. Qd3 Ne5 13. Qb3 Qe7 14. Nb5 d5 15. 0-0 dxe4 16. fxe4 c6 17. Nc7+ Qxc7 18. Rxf6 Ng4 19. Bf4 Qe7 20. Rd6 Rf8 21. Bg3 Qxe4 22. Nd2 Qe3+ 23. Qxe3+ Nxe3 24. Re1 Bf5 25. Rxe3+ Kf7 26. Be5 h5 27. Rf6+ Kg8 28. Rxf8+ Rxf8 29. c3 Rd8 30. Nf3 a6 31. b4 b5 32. Nd4 Bd7 33. Bf6 Re8 34. Rxe8+ Bxe8 35. Kf2 Kf7 36. Bg5 Bd7 37. Ke3 Be8 38. Ke4 Bd7 39. Ke5 Kf8 40. Kd6 Ke8 41. Nxc6 Bf5 42. Nb8 Bd3 43. Nxa6 Bc4 44. a3 Kf8 45. Nc7 Bf1 46. g3 Kf7 47. Kc5 Bc4 48. Nxb5 1-0

[Event "Florianopolis op 7th"]
[Site "Florianopolis"]
[Date "2021.01.23"]
[Round "8"]
[White "Monteiro, Samuel Ramazzotte"]
[Black "Boabaid, Jorge Alberto Duard"]
[Result "0-1"]
[WhiteElo "1260"]
[BlackElo "1727"]
[PlyCount "74"]
[EventDate "2021.01.18"]
[EventType "swiss"]
[EventRounds "10"]
[EventCountry "BRA"]
[SourceTitle "CBM 200 Extra"]
[Source "ChessBase"]
[SourceDate "2021.03.31"]
[SourceVersion "1"]
[SourceVersionDate "2021.03.31"]
[SourceQuality "1"]

1. e4 e5 2. Nf3 Nc6 3. Bc4 Nf6 4. d3 Be7 5. Nc3 d6 6. h3 0-0 7. 0-0 Na5 8. Bb3 c6 9. Bg5 h6 10. Bh4 Nxb3 11. axb3 Nh5 12. Bxe7 Qxe7 13. Ne2 d5 14. Kh2 Qf6 15. Ng3 Nf4 16. exd5 cxd5 17. Rg1 Bd7 18. Qe1 Rfe8 19. Qe3 a6 20. Rae1 Ng6 21. Re2 Qd6 22. Rge1 f5 23. Qd2 Qc7 24. Qc3 Qd6 25. Nxe5 Nf4 26. Rd2 Rac8 27. Nxd7 Rxc3 28. Rxe8+ Kf7 29. Rf8+ Ke6 30. bxc3 Kxd7 31. Rf7+ Kc6 32. Rxg7 Qe5 33. Rf7 Qe1 34. Rxf5 Qxd2 35. c4 Qxf2 36. cxd5+ Kb6 37. Nh5 Qxg2# 0-1

[Event "Florianopolis op 7th"]
[Site "Florianopolis"]
[Date "2021.01.19"]
[Round "2"]
[White "Monteiro, Samuel Ramazzotte"]
[Black "Andreata, Mauro Antonio"]
[Result "1/2-1/2"]
[WhiteElo "1260"]
[BlackElo "1693"]
[PlyCount "118"]
[EventDate "2021.01.18"]
[EventType "swiss"]
[EventRounds "10"]
[EventCountry "BRA"]
[SourceTitle "CBM 200 Extra"]
[Source "ChessBase"]
[SourceDate "2021.03.31"]
[SourceVersion "1"]
[SourceVersionDate "2021.03.31"]
[SourceQuality "1"]

1. e4 c5 2. Nf3 d6 3. Bc4 e6 4. Nc3 Nc6 5. d3 Be7 6. h3 Bd7 7. a4 a6 8. Bf4 Qb6 9. Rb1 Nf6 10. Qd2 Rd8 11. Qe3 e5 12. Bg5 Nd4 13. Qd2 Nxf3+ 14. gxf3 Qb4 15. Bxf6 Bxf6 16. Nd5 Qxd2+ 17. Kxd2 Bg5+ 18. Ke2 Bxa4 19. Rbg1 Bh6 20. c3 Bc6 21. b4 cxb4 22. cxb4 Bxd5 23. Bxd5 Rb8 24. Ra1 Ke7 25. b5 Rhc8 26. Ra2 axb5 27. Rb1 Rc5 28. Rab2 f6 29. Rxb5 Rxb5 30. Rxb5 b6 31. Kd1 Bf4 32. Bc6 Kd8 33. Rb2 g6 34. h4 Bh6 35. Bb5 Bf8 36. Ra2 Rb7 37. Ra8+ Ke7 38. Ra6 h5 39. Bc6 Rc7 40. Rxb6 Bh6 41. Rb7 Rxb7 42. Bxb7 Bg7 43. Bc8 Bf8 44. Bh3 Kf7 45. Ke2 Be7 46. Kf1 f5 47. exf5 Bxh4 48. fxg6+ Kxg6 49. f4 exf4 50. Kg2 Bf6 51. Be6 Bd4 52. f3 Kf6 53. Bh3 Ke5 54. Kf1 h4 55. Ke2 Be3 56. Bg4 d5 57. Bh3 d4 58. Bg4 Kf6 59. Bh3 Kg5 1/2-1/2

[Event "Parana-ch"]
[Site "Maringa"]
[Date "2019.12.15"]
[Round "7"]
[White "Silva, Richard Santana"]
[Black "Monteiro, Samuel Ramazzotte"]
[Result "1-0"]
[WhiteElo "1515"]
[BlackElo "1245"]
[PlyCount "105"]
[EventDate "2019.12.12"]
[EventType "swiss"]
[EventRounds "7"]
[EventCountry "BRA"]
[SourceTitle "CBM 193 Extra"]
[Source "ChessBase"]
[SourceDate "2020.01.31"]
[SourceVersion "1"]
[SourceVersionDate "2020.01.31"]
[SourceQuality "1"]

1. c4 e5 2. Nc3 Nf6 3. g3 b6 4. Bg2 Nc6 5. a3 Bb7 6. b4 Be7 7. e3 a6 8. Nf3 b5 9. Nxe5 Nxe5 10. Bxb7 Ra7 11. Bg2 Nd3+ 12. Kf1 bxc4 13. Nd5 c6 14. Nxf6+ Bxf6 15. Rb1 d5 16. Qa4 Qd6 17. Bf3 Be7 18. Bb2 0-0 19. Be2 Ne5 20. Bxe5 Qxe5 21. Kg2 Qe4+ 22. f3 Qg6 23. Rhc1 Rc8 24. Qc2 a5 25. Qxg6 fxg6 26. e4 axb4 27. axb4 Ra2 28. Rd1 c3 29. Rbc1 Rxd2 30. Rxd2 cxd2 31. Rb1 dxe4 32. fxe4 Rb8 33. b5 cxb5 34. Bg4 Kf7 35. Rf1+ Ke8 36. Rb1 h5 37. Bf3 b4 38. Kf2 Kd7 39. h4 Bf6 40. Ke2 Bc3 41. Kd3 Kd6 42. Kc4 Rf8 43. Bh1 Ke5 44. Kd3 Rd8+ 45. Ke2 Kd4 46. Bf3 Kc4 47. g4 hxg4 48. Bxg4 b3 49. Be6+ Kd4 50. Bxb3 Kxe4 51. Bc2+ Kf4 52. Bxg6 Re8+ 53. Bxe8 1-0

[Event "Parana-ch"]
[Site "Maringa"]
[Date "2019.12.14"]
[Round "5"]
[White "Monteiro, Samuel Ramazzotte"]
[Black "Gonzalez, Bolivar Ribeiro"]
[Result "0-1"]
[WhiteElo "1245"]
[BlackElo "2221"]
[PlyCount "70"]
[EventDate "2019.12.12"]
[EventType "swiss"]
[EventRounds "7"]
[EventCountry "BRA"]
[SourceTitle "CBM 193 Extra"]
[Source "ChessBase"]
[SourceDate "2020.01.31"]
[SourceVersion "1"]
[SourceVersionDate "2020.01.31"]
[SourceQuality "1"]

1. e4 c5 2. Bc4 e6 3. Nc3 a6 4. a4 Nc6 5. Nf3 Nf6 6. d3 d5 7. Bb3 dxe4 8. dxe4 Qxd1+ 9. Kxd1 Nd4 10. Bc4 Bd7 11. Bf4 Rd8 12. Ne5 Bc8 13. Nd3 Bd7 14. Bg5 h6 15. Bh4 g5 16. Bg3 Bc6 17. f3 Nh5 18. Bc7 Rc8 19. Be5 Rg8 20. Rg1 g4 21. Bxd4 cxd4 22. Ne2 Nf6 23. Kd2 h5 24. Nxd4 Bh6+ 25. Ke2 Bxe4 26. b3 Bd5 27. Nb2 Bf4 28. Rad1 Bxh2 29. Rh1 Be5 30. Ke3 gxf3 31. gxf3 Rg3 32. Rhf1 Ng4+ 33. Ke2 Rg2+ 34. Kd3 Nf2+ 35. Ke3 Nxd1+ 0-1

[Event "Parana-ch"]
[Site "Maringa"]
[Date "2019.12.13"]
[Round "3"]
[White "Monteiro, Samuel Ramazzotte"]
[Black "Melo, Sergio Roberto Samp"]
[Result "0-1"]
[WhiteElo "1245"]
[BlackElo "1735"]
[PlyCount "88"]
[EventDate "2019.12.12"]
[EventType "swiss"]
[EventRounds "7"]
[EventCountry "BRA"]
[SourceTitle "CBM 193 Extra"]
[Source "ChessBase"]
[SourceDate "2020.01.31"]
[SourceVersion "1"]
[SourceVersionDate "2020.01.31"]
[SourceQuality "1"]

1. e4 e6 2. Nf3 d5 3. exd5 exd5 4. d4 Bd6 5. Bd3 Ne7 6. 0-0 Nbc6 7. Ng5 h6 8. Nf3 0-0 9. Be3 Nb4 10. Be2 Bf5 11. Na3 a6 12. c3 Nbc6 13. Nc2 Ng6 14. Bd3 Qf6 15. Bxf5 Qxf5 16. Bd2 Nce7 17. Be3 c6 18. Re1 Rfe8 19. Bd2 Nf4 20. Ne3 Qh7 21. Rb1 Qg6 22. Nh4 Nh3+ 23. Kf1 Qd3+ 24. Qe2 Qxe2+ 25. Rxe2 Ng5 26. Rbe1 Ne6 27. g3 Kf8 28. Nef5 Nxf5 29. Nxf5 Bc7 30. f4 Rad8 31. h4 Bb8 32. Kf2 Nc7 33. Rxe8+ Nxe8 34. h5 Nf6 35. Kf3 Nxh5 36. g4 Nf6 37. g5 Ne4 38. Bc1 h5 39. Ng3 Nxg3 40. Kxg3 Re8 41. Be3 Re4 42. Bd2 Re8 43. Rxe8+ Kxe8 44. Kf3 Ke7 0-1

[Event "Parana-ch"]
[Site "Maringa"]
[Date "2019.12.12"]
[Round "1"]
[White "Monteiro, Samuel Ramazzotte"]
[Black "Calcado, Acyr Rogerio"]
[Result "0-1"]
[WhiteElo "1245"]
[BlackElo "2141"]
[PlyCount "32"]
[EventDate "2019.12.12"]
[EventType "swiss"]
[EventRounds "7"]
[EventCountry "BRA"]
[SourceTitle "CBM 193 Extra"]
[Source "ChessBase"]
[SourceDate "2020.01.31"]
[SourceVersion "1"]
[SourceVersionDate "2020.01.31"]
[SourceQuality "1"]

1. e4 e5 2. Nf3 Nc6 3. Bc4 Nf6 4. Nc3 Nxe4 5. Nxe4 d5 6. Bxd5 Qxd5 7. d3 Bg4 8. Be3 Bb4+ 9. c3 Be7 10. Qd2 0-0-0 11. 0-0-0 Qxa2 12. h3 Be6 13. c4 Nb4 14. Qe2 Bxc4 15. Nfd2 Nxd3+ 16. Kc2 Qxb2# 0-1

[Event "Londrina op U2200 1st"]
[Site "Londrina"]
[Date "2019.03.02"]
[Round "3"]
[White "De Souza, Augusto Felipe Mour"]
[Black "Monteiro, Samuel Ramazzotte"]
[Result "1-0"]
[WhiteElo "1491"]
[BlackElo "1263"]
[PlyCount "149"]
[EventDate "2019.03.01"]
[EventType "swiss"]
[EventRounds "5"]
[EventCountry "BRA"]
[SourceTitle "EXT 2020"]
[Source "ChessBase"]
[SourceDate "2019.10.17"]
[SourceVersion "1"]
[SourceVersionDate "2019.10.17"]
[SourceQuality "1"]

1. e4 e5 2. Nf3 Nc6 3. Bc4 Bc5 4. c3 Nf6 5. d4 exd4 6. cxd4 Bb4+ 7. Bd2 Bxd2+ 8. Nbxd2 d6 9. h3 0-0 10. Qc2 Re8 11. 0-0 d5 12. exd5 Nxd5 13. Rfe1 Rxe1+ 14. Rxe1 Nb6 15. Ng5 g6 16. Bxf7+ Kg7 17. Ne6+ Bxe6 18. Bxe6 Nxd4 19. Qc3 Na4 20. Qg3 Nxe6 21. Qe5+ Qf6 22. Qxe6 Qxe6 23. Rxe6 Nxb2 24. Re7+ Kg8 25. Ne4 Rf8 26. Rxc7 Rf4 27. Rxb7 Nc4 28. Rb8+ Kg7 29. f3 Rf8 30. Rb4 Ne5 31. Ng5 Rf5 32. Rb7+ Nf7 33. Ne6+ Kf6 34. Nd4 Rd5 35. Nb3 a5 36. Ra7 Nd6 37. Rxa5 Rxa5 38. Nxa5 Nb5 39. Nc4 Ke6 40. Kf2 Kd5 41. Ne3+ Kd4 42. Ng4 h5 43. Nf6 Nc3 44. Kg3 Nxa2 45. Kf4 Nc1 46. Ne4 Nd3+ 47. Kg5 Ne1 48. Kxg6 Nxg2 49. Kxh5 Ke3 50. Kg4 Ne1 51. Ng5 Ng2 52. h4 Nxh4 53. Kxh4 Kf4 54. Kh5 Kf5 55. Ne4 Kf4 56. Nd2 Kf5 57. Kh4 Kf4 58. Kh3 Kg5 59. Kg3 Kf5 60. Ne4 Kg6 61. Kf4 Kf7 62. Kf5 Kg7 63. Ke6 Kf8 64. f4 Ke8 65. f5 Kf8 66. f6 Ke8 67. f7+ Kf8 68. Nd6 Kg7 69. Ke7 Kg6 70. f8Q Kg5 71. Qf5+ Kh4 72. Qg6 Kh3 73. Ne4 Kh2 74. Qg3+ Kh1 75. Nf2# 1-0

[Event "Curitiba Fexpar op 1st"]
[Site "Curitiba"]
[Date "2018.11.02"]
[Round "2"]
[White "Pereira, Armando Scharlau"]
[Black "Monteiro, Samuel Ramazzotte"]
[Result "1-0"]
[WhiteElo "1764"]
[BlackElo "1288"]
[PlyCount "56"]
[EventDate "2018.11.02"]
[EventType "swiss"]
[EventRounds "7"]
[EventCountry "BRA"]
[SourceTitle "EXT 2020"]
[Source "ChessBase"]
[SourceDate "2019.10.17"]
[SourceVersion "1"]
[SourceVersionDate "2019.10.17"]
[SourceQuality "1"]

1. d4 d5 2. Nf3 e6 3. e3 Nf6 4. Bd3 c5 5. b3 cxd4 6. exd4 Bb4+ 7. c3 Ba5 8. 0-0 0-0 9. Bg5 Nbd7 10. Ne5 Qc7 11. Nxd7 Nxd7 12. c4 dxc4 13. bxc4 f6 14. Bh4 Qd6 15. Bg3 e5 16. dxe5 Qe6 17. Be4 Kh8 18. Qh5 f5 19. Bd5 Qe7 20. f4 Bb6+ 21. Kh1 Bd4 22. Nd2 Bxa1 23. Rxa1 Qb4 24. Nf3 Qb6 25. Ng5 Qg6 26. Qxg6 hxg6 27. Ne6 Kh7 28. Nxf8+ Nxf8 1-0

[Event "Maringa Parana-ch"]
[Site "Maringa"]
[Date "2018.02.04"]
[Round "8"]
[White "Borges, Leonardo Hisao Hera"]
[Black "Monteiro, Samuel Ramazzotte"]
[Result "1-0"]
[WhiteElo "1452"]
[BlackElo "1800"]
[PlyCount "145"]
[EventDate "2018.01.31"]
[EventType "swiss"]
[EventRounds "8"]
[EventCountry "BRA"]
[SourceTitle "CBM 182 Extra"]
[Source "ChessBase"]
[SourceDate "2018.02.23"]
[SourceVersion "1"]
[SourceVersionDate "2018.02.23"]
[SourceQuality "1"]

1. Nf3 g6 2. d4 Bg7 3. g3 e6 4. Bg2 f5 5. 0-0 Ne7 6. Bg5 h6 7. Bxe7 Qxe7 8. c3 0-0 9. d5 e5 10. Qb3 Qf7 11. c4 d6 12. Nfd2 c6 13. Nc3 c5 14. Qb5 Nd7 15. e4 Nb6 16. a4 Bd7 17. Qb3 Rab8 18. a5 Na8 19. Qa3 Nc7 20. b4 Na6 21. bxc5 Nxc5 22. Nb3 Nxb3 23. Qxb3 f4 24. Rfc1 fxg3 25. fxg3 Qf2+ 26. Kh1 Rf6 27. Rf1 Qd4 28. Rfd1 Qc5 29. a6 b6 30. Nb5 Rbf8 31. Ra2 Bg4 32. Rg1 Bf3 33. Qa3 Bxg2+ 34. Rgxg2 Qxc4 35. Nxd6 Qc5 36. Qxc5 bxc5 37. Nb7 c4 38. d6 R8f7 39. Rgd2 Bf8 40. d7 Be7 41. d8Q+ Bxd8 42. Rxd8+ Kg7 43. Nd6 Rc7 44. Rc2 c3 45. Nb5 Rc5 46. Rd7+ Kg8 47. Nxc3 Rfc6 48. Rxa7 Rxc3 49. Rxc3 Rxc3 50. Rb7 Rc1+ 51. Kg2 Rc2+ 52. Kh3 Ra2 53. a7 h5 54. Rb8+ Kg7 55. a8Q Rxa8 56. Rxa8 Kf6 57. Kg2 Kg5 58. Ra5 Kf6 59. h4 Ke6 60. Kf2 Kf6 61. Kf3 Ke6 62. g4 hxg4+ 63. Kxg4 Kf6 64. Ra6+ Kg7 65. Kg5 Kf7 66. Rxg6 Ke7 67. h5 Kf7 68. h6 Ke7 69. h7 Kf7 70. Kh6 Kf8 71. h8Q+ Ke7 72. Qh7+ Kf8 73. Rg8# 1-0

[Event "Maringa Parana-ch"]
[Site "Maringa"]
[Date "2018.02.03"]
[Round "6"]
[White "Monteiro, Samuel Ramazzotte"]
[Black "Machado, Wesley Henrique"]
[Result "0-1"]
[WhiteElo "1800"]
[BlackElo "1344"]
[PlyCount "50"]
[EventDate "2018.01.31"]
[EventType "swiss"]
[EventRounds "8"]
[EventCountry "BRA"]
[SourceTitle "CBM 182 Extra"]
[Source "ChessBase"]
[SourceDate "2018.02.23"]
[SourceVersion "1"]
[SourceVersionDate "2018.02.23"]
[SourceQuality "1"]

1. d4 Nf6 2. c4 e6 3. Nc3 Bb4 4. Bd2 b6 5. a3 Bxc3 6. Bxc3 Bb7 7. Nf3 0-0 8. e3 Ne4 9. Bd3 f5 10. d5 Nxc3 11. bxc3 Qf6 12. Qb3 Na6 13. 0-0 Nc5 14. Qc2 exd5 15. cxd5 Bxd5 16. c4 Bxf3 17. gxf3 f4 18. Bxh7+ Kh8 19. Qg6 Qh4 20. Kh1 Qxh7 21. Qg5 Rf5 22. Qe7 Rh5 23. Rad1 Rxh2+ 24. Kg1 Rh1+ 25. Kg2 Qh2# 0-1